Vista normal Vista MARC

Entrada Personal Name

Número de registros utilizados en: 1

001 - CONTROL NUMBER

  • control field: 8763

003 - CONTROL NUMBER IDENTIFIER

  • control field: OSt

005 - DATE AND TIME OF LATEST TRANSACTION

  • control field: 20200814120847.0

008 - FIXED-LENGTH DATA ELEMENTS

  • fixed length control field: 200814|| aca||aabn | a|a d

040 ## - CATALOGING SOURCE

  • Original cataloging agency: OSt
  • Transcribing agency: OSt

100 ## - HEADING--PERSONAL NAME

  • Personal name: Dante, Alighieri,
  • Dates associated with a name: 1265-1321

670 ## - SOURCE DATA FOUND

  • Source citation: Work cat.: (OSt)4171: Dante, Alighieri, 1265-1321 autor, La divina comedia /, ©1983